000 01554nam a22002537a 4500
003 OSt
005 20220726125137.0
008 190924b xxu||||| |||| 00| 0 eng d
010 _a99012602
020 _a0534559808
040 _cLC
050 _aPN4781.R42
100 _aRich, Carole.
245 _aWriting and reporting news: a coaching method. /
_cCarole Rich.
250 _a3rd ed.
260 _aBelmont:
_bWadsworth Cengage Learning,
_c1999.
300 _axxi, 581 p. :
_bill. ;
_c26 cm.
500 _aIncludes appendix and index.
505 _aContents: Understanding news: Write from the start: a coaching method -- Changing concepts of news -- The basic news story -- Grammar and usage -- Story ideas -- Collecting information: Curiosity and observation -- Sources of information -- Listening and note-taking skills -- Interviewing techniques -- Constructing stories: The writing process -- Leads and nut graphs -- Body building -- Story structures -- Storytelling and feature techniques -- Public relations writing -- Broadcast writing -- Understanding media issues: Accuracy and libel -- Media ethics -- Multicultural sensitivity -- Applying the techniques: Beat reporting -- Obituaries -- Speeches, press conferences and meetings -- Government and statistical stories -- Crime and punishment -- Disasters, weather and tragedies -- Profiles -- Computer-assisted journalism -- Media jobs and internships --
650 _vReporters and reporting
650 _vJournalism - Authorship
650 _vReport writing
942 _2lcc
_cBK
999 _c9092
_d16592